|
|
|
|
| LEADER |
00000naa2a2200000 4500 |
| 001 |
173782 |
| 005 |
20231101223124.0 |
| 035 |
|
|
|a (RuTPU)RU\TPU\book\188463
|
| 035 |
|
|
|a RU\TPU\tpu\4535
|
| 090 |
|
|
|a 173782
|
| 100 |
|
|
|a 20091230d1932 k y0rusy50 ca
|
| 101 |
0 |
|
|a rus
|
| 102 |
|
|
|a RU
|
| 200 |
1 |
|
|a К борьбе с атмосферными явлениями при строительстве линий передач
|f В. К. Щербаков
|
| 463 |
|
0 |
|0 (RuTPU)RU\TPU\book\186250
|t Труды Первого краевого энергетического съезда Западной Сибири, 18-22 июня 1932 г.
|f Краевой энергетический комитет Западной Сибири ; под ред. А. В. Апушкина, А. Н. Бурумова, Я. Ю. Харита
|v С. 322-325
|d 1932
|p 472, [3] с.
|
| 610 |
1 |
|
|a электрические сети
|
| 610 |
1 |
|
|a труды учёных ТПУ
|
| 610 |
1 |
|
|a электрические системы
|
| 610 |
1 |
|
|a электрические станции
|
| 700 |
|
1 |
|a Щербаков
|b В. К.
|c российский ученый в области электрических сетей и систем
|c профессор ТПИ
|f 1903-1981
|g Василий Кузьмич
|2 stltpush
|3 (RuTPU)RU\TPU\pers\21926
|9 9262
|
| 801 |
|
0 |
|a RU
|b 63413507
|c 20011210
|g PSBO
|
| 801 |
|
2 |
|a RU
|b 63413507
|c 20091230
|g PSBO
|
| 942 |
|
|
|c BK
|